El Senglar : Cévennes - Montseny / Parc nacional i reserva de la biosfera de Cevennes (França), Parc Natural i reserva de la biosfera del Montseny (Catalunya) Cévennes - Montseny / Parc nacional i reserva de la biosfera de Cevennes (França), Parc Natural i reserva de la biosfera del Montseny (Catalunya)
Descripción Física:
59 p. : il. ; 22 cm
Otros Autores:
Parc National des Cévennes
MARC
| LEADER | 00000nam a2200000Ia 4500 | ||
|---|---|---|---|
| 001 | 12583 | ||
| 008 | 160829s9999 xx 000 0 cat d | ||
| 080 | |a C-2-104 | ||
| 245 | |a El Senglar : |b Cévennes - Montseny / Parc nacional i reserva de la biosfera de Cevennes (França), Parc Natural i reserva de la biosfera del Montseny (Catalunya) | ||
| 260 | |a Barcelona : |b Diputació de Barcelona, els Parcs, [s.a.] | ||
| 300 | |a 59 p. : |b il. ; |c 22 cm | ||
| 610 | 0 | |a Parc Natural del Montseny (Catalunya) |9 10461 | |
| 650 | |a Senglar |x Parc National des Cévennes |9 39603 | ||
| 650 | |a Senglar |x Parc Natural del Montseny |9 39604 | ||
| 700 | |a Parc National des Cévennes |9 40084 | ||
| 901 | |a Arxiu | ||
| 942 | |n 1 | ||
| 952 | |0 0 |1 0 |4 0 |6 C2104 |7 1 |9 49112 |a Arxiu |b Arxiu |d 2016-12-01 |l 0 |o C-2-104 |p 12583 |r 2016-12-01 00:00:00 |w 2016-12-01 |y ARXIU | ||
| 999 | |c 52949 |d 52949 | ||